| 000 | 01481cam a22003614a 4500 | ||
|---|---|---|---|
| 001 | 15357301 | ||
| 005 | 20090901064434.0 | ||
| 008 | 080630s2009 pau |rf 001 0 eng | ||
| 010 | _a 2008029183 | ||
| 016 | 7 |
_a101477811 _2DNLM |
|
| 020 | _a9780781792813 (alk. paper) | ||
| 020 | _a0781792819 (alk. paper) | ||
| 035 | _a(OCoLC)185031244 | ||
| 040 |
_aDNLM/DLC _cDLC _dNLM _dBTCTA _dBAKER _dYDXCP _dC#P _dCDX _dDLC |
||
| 042 | _apcc | ||
| 050 | 0 | 0 |
_aRM302 _b.N85 2009 |
| 060 | 1 | 0 |
_aWY 49 _bN97483 2009 |
| 082 | 0 | 0 |
_a615.7045 _222 _bNUR |
| 245 | 0 | 0 | _aNursing Drug Interactions Handbook |
| 246 | 3 | 0 | _aDrug interactions handbook |
| 260 |
_aPhiladelphia : _bWolters Kluwer Health/Lippincott Williams & Wilkins, 2009 _cc2009. |
||
| 300 |
_axiv, 945 p. ; _c20 cm. |
||
| 500 | _aIncludes index. | ||
| 650 | 0 |
_aDrug interactions _vHandbooks, manuals, etc. _913162 |
|
| 650 | 0 |
_aNursing _vHandbooks, manuals, etc. _913163 |
|
| 650 | 1 | 2 |
_aDrug Interactions _vHandbooks. _913164 |
| 650 | 1 | 2 |
_aDrug Therapy _xnursing _vHandbooks. _913165 |
| 710 | 2 |
_aLippincott Williams & Wilkins. _913166 |
|
| 856 | 4 | 1 |
_3Table of contents only _uhttp://www.loc.gov/catdir/toc/ecip0822/2008029183.html |
| 942 |
_2ddc _cNRNB |
||
| 999 |
_c13794 _d13794 |
||